000 01026nam a2200241Ia 4500
003 PE SENCICO BE
005 20251020182433.0
008 200515s9999 xx 000 0 und d
040 _aPE SENCICO BE
_cPE SENCICO BE
041 _aspa
082 _a153.42
_bH51
100 1 _aHigueras, Leonardo
_92685
_eautor
245 1 0 _aAprendiendo a pensar /
_cLeonardo Higueras
250 _a3a ed.
260 _aLima :
_bPublicaciones Coph ;
_c1988
300 _a175 p. :
_btbl., graf ;
_c21 cm.
505 0 _aDesafíos de la tarea educativa que hacen pensar -- El aprendizaje del pensar -- Pensamiento y conducta -- Un modelo para la integración personal -- El curriculo y las operaciones del pensamiento -- Operaciones, actividades y conductas -- Aplicación del pensamiento en experiencias que son respuestas a los desafíos de la tarea educativa
650 1 0 _aPensamiento crítico
_92686
650 2 0 _aPensamiento
_9276
650 2 0 _aEducación
_92279
650 2 0 _aPsicología de la educación
_92680
942 _cLIB
_2ddc
999 _c313
_d313